LEADER 01018nam--2200373---450- 001 990000429790203316 005 20050704095147.0 010 $a0-02-902380-7 035 $a0042979 035 $aUSA010042979 035 $a(ALEPH)000042979USA01 035 $a0042979 100 $a20010507d1973----km-y0itay0103----ba 101 $aeng 102 $aUS 105 $a||||||||001yy 200 1 $a<> denial of death$fErnst Becker 210 $aNew York$cThe Free press$dc1973 215 $aXIV, 314 p.$d21 cm 410 $12001 606 0 $aMorte$xSaggi 676 $a128.5 700 1$aBECKER,$bErnst$0344264 801 0$aIT$bsalbc$gISBD 912 $a990000429790203316 951 $aII.3. 580(II i B 1469)$b114334 LM$cII i B 1469 959 $aBK 969 $aUMA 979 $aPATTY$b90$c20010507$lUSA01$h1155 979 $c20020403$lUSA01$h1651 979 $aPATRY$b90$c20040406$lUSA01$h1630 979 $aCOPAT5$b90$c20050704$lUSA01$h0951 996 $aDenial of death$9873818 997 $aUNISA